| 000 | 01183nam a22002777a 4500 | ||
|---|---|---|---|
| 005 | 20200104041629.0 | ||
| 008 | 150914s2010 ck a r o00010 spa d | ||
| 015 | _ack-2003-xxxx | ||
| 020 | _a9789586708173 | ||
| 041 | 0 | _aspa | |
| 044 | _ack | ||
| 082 | 0 | 4 |
_a574.526 _bA28b |
| 100 | 1 |
_aAguilera-Castro, Adriana _926957 |
|
| 245 | 1 | 0 |
_aBiodiversidad y recursos genéticos : _bdireccionamiento prospectivo y estratégico - CIEBREG / _cAdriana Aguilera ...[et al]. |
| 260 |
_aBogotá, _bColciencias _bCiebreg _bUniversidad del Valle _c2003. |
||
| 300 |
_a159 p. _btablas _c28 cm. |
||
| 500 | _aProyecto de investigación "Generación de Capacidades para la formulación de los planes estratégicos de os Centros de Investigación de Excelencia de Colciencias", convenio No. 163 de 2001 entre Colciencias y Univalle | ||
| 650 | 4 |
_aDiversidad biológica. _926958 |
|
| 650 | 4 |
_aDiversidad biológica _z Colombia _x Investigaciones. _926959 |
|
| 650 |
_aEcosistemas. _992256 |
||
| 650 | 6 |
_aDesarrollo sostenible. _9278 |
|
| 700 | 1 |
_aRodriguez-Pineda, John Mario _92194 |
|
| 700 | 1 |
_aPineda, Angélica María _926962 |
|
| 700 | 1 |
_aGarcía-Solarte, Mónica _926963 |
|
| 942 |
_2ddc _cLIBRO |
||
| 999 |
_c8705 _d8705 |
||